| 000 | 00648nam a2200181Ia 4500 | ||
|---|---|---|---|
| 008 | 151018s9999 xx 000 0 und d | ||
| 082 |
_bRBASDV45106 _a891.433 |
||
| 100 | _aकर्तार सिंह दुग्गल | ||
| 245 | _aकत्ततीसिंह दुग्गल | ||
| 250 | _b1 | ||
| 260 |
_bसाक्षी _c2008 |
||
| 300 | _a160 | ||
| 600 | _aकर्तार सिंह दुग्गल | ||
| 630 | _aकत्ततीसिंह दुग्गल | ||
| 700 | _aकर्तार सिंह दुग्गल | ||
| 730 | _aकत्ततीसिंह दुग्गल | ||
| 942 | _cBOOK | ||
| 999 |
_c1044296 _d1044293 |
||